000 02045Cam#a2200385#a#4500
003 AR-BeUNQ
005 20251201193802.0
008 251201s2015 ag ado j f 000 0 spa d
020 _a978950131360
040 _aAR-BeUNQ
_bspa
_eaacr
_cAR-BeUNQ
082 0 4 _a507
_221
245 0 0 _aCiencias naturales /
_cPatricia Alberico... [et al.]
260 _aSan Isidro :
_bEstrada,
_cc2021.
300 _a256 p. :
_bil., fot., tablas, gráficos ;
_c28 cm.
490 1 _aFundamentales
505 0 _acap. 1. La materia y sus propiedades -- cap. 2. Las mezclas -- cap. 3. El agua -- cap. 4. La energía -- cap. 5. Los intercambios de energía -- cap. 6. Fuerzas y movimientos -- cap. 7. El sistema solar -- cap. 8. La tierra y sus recursos -- cap. 9. Los seres vivos -- cap. 10. Los seres vivos autótrofos -- cap. 11. Los seres vivos heterótrofos -- cap. 12. Los ecosistemas -- cap. 13. El organismo humano -- cap. 14. El sistema genital humano y la función de reproducción -- cap. 15. La alimentación y la salud.
650 7 _aCiencias físicas y naturales
_2spines
650 7 _aQuímica
_2spines
650 7 _aFísica
_2spines
650 7 _aAstronomía
_2spines
650 7 _aBiología
_2spines
650 7 _aFisiología
_2spines
650 7 _aEnseñanza media
_2spines
650 7 _aManuales
_2spines
700 1 _aAlberico, Patricia,
_eautora
_4aut
700 1 _aGellon, Gabriel,
_ecolaborador
_4oth
700 1 _aGolombek, Diego,
_ecolaborador
_4oth
830 0 _aFundamentales (Estrada).
929 _aCOMPRA
_bMarcos Buchin
_cCompra 2025 Exp. 827-1393/2025
_d29900
_e2025
_fPAT0084529
_j63649
_h1
929 _aCOMPRA
_bMarcos Buchin
_cCompra 2025 Exp. 827-1393/2025
_d29900
_e2025
_fPAT0084530
_j63650
_h2
929 _aCOMPRA
_bMarcos Buchin
_cCompra 2025 Exp. 827-1393/2025
_d29900
_e2025
_fPAT0084531
_j63651
_h3
929 _aCOMPRA
_bMarcos Buchin
_cCompra 2025 Exp. 827-1393/2025
_d29900
_e2025
_fPAT0084532
_j63652
_h4
929 _aCOMPRA
_bMarcos Buchin
_cCompra 2025 Exp. 827-1393/2025
_d29900
_e2025
_fPAT0084533
_j63653
_h5
942 _cLIB
_n0
999 _c1430
_d1430